<?xml version="1.0" encoding="UTF-8"?>
<record
    xmlns:xsi="http://www.w3.org/2001/XMLSchema-instance"
    xsi:schemaLocation="http://www.loc.gov/MARC21/slim http://www.loc.gov/standards/marcxml/schema/MARC21slim.xsd"
    xmlns="http://www.loc.gov/MARC21/slim">

  <leader>03189cam a22003374a 4500</leader>
  <datafield tag="999" ind1=" " ind2=" ">
    <subfield code="c">27302</subfield>
    <subfield code="d">27273</subfield>
  </datafield>
  <controlfield tag="001">16142137</controlfield>
  <controlfield tag="005">20190326100358.0</controlfield>
  <controlfield tag="008">100318s2011    nyua     b    001 0 eng  </controlfield>
  <datafield tag="010" ind1=" " ind2=" ">
    <subfield code="a">  2010010623</subfield>
  </datafield>
  <datafield tag="020" ind1=" " ind2=" ">
    <subfield code="a">9780393932461 (pbk.)</subfield>
  </datafield>
  <datafield tag="040" ind1=" " ind2=" ">
    <subfield code="a">DLC</subfield>
    <subfield code="b">eng</subfield>
    <subfield code="c">DLC</subfield>
    <subfield code="d">DLC</subfield>
    <subfield code="d">EG-ScBUE</subfield>
  </datafield>
  <datafield tag="041" ind1="1" ind2=" ">
    <subfield code="a">eng</subfield>
    <subfield code="h">lat</subfield>
  </datafield>
  <datafield tag="082" ind1="0" ind2="4">
    <subfield code="a">335.02</subfield>
    <subfield code="b">MOR</subfield>
    <subfield code="2">22</subfield>
  </datafield>
  <datafield tag="100" ind1="1" ind2=" ">
    <subfield code="a">More, Thomas,</subfield>
    <subfield code="c">Saint,</subfield>
    <subfield code="d">1478-1535.</subfield>
  </datafield>
  <datafield tag="240" ind1="1" ind2="0">
    <subfield code="a">Utopia.</subfield>
    <subfield code="l">English</subfield>
  </datafield>
  <datafield tag="245" ind1="1" ind2="0">
    <subfield code="a">Utopia :</subfield>
    <subfield code="b">a revised translation, backgrounds, criticism /</subfield>
    <subfield code="c">Thomas More ; edited and with a revised translation by George M. Logan ; first and second edition translated and edited by Robert M. Adams.</subfield>
  </datafield>
  <datafield tag="250" ind1=" " ind2=" ">
    <subfield code="a">3rd ed.</subfield>
  </datafield>
  <datafield tag="260" ind1=" " ind2=" ">
    <subfield code="a">New York :</subfield>
    <subfield code="b">W. W. Norton &amp; Co.,</subfield>
    <subfield code="c">c.2011.</subfield>
  </datafield>
  <datafield tag="300" ind1=" " ind2=" ">
    <subfield code="a">xv, 316 p. :</subfield>
    <subfield code="b">ill. ;</subfield>
    <subfield code="c">22 cm.</subfield>
  </datafield>
  <datafield tag="490" ind1="0" ind2=" ">
    <subfield code="a">Norton critical edition</subfield>
  </datafield>
  <datafield tag="504" ind1=" " ind2=" ">
    <subfield code="a">Includes bibliographical references and index.</subfield>
  </datafield>
  <datafield tag="505" ind1="0" ind2=" ">
    <subfield code="a">The text of Utopia --
Backgrounds --
[The guardians] / Plato --
[The golden age and after] / Ovid --
[The community] / The acts of the Apostles --
[Saturn's age] / Lucian of Samosata --
[Naboth's vineyard] / St. Ambrose --
[Monastic rules] / St. Benedict --
Chapter 33 --
Chapter 34 --
from The land of Cockayne / Anonymous --
from The four voyages / Amerigo Vespucci --
The first voyage --
The fourth voyage --
[The problems of the realm] / G.R. Elton --
The humanist circle : letters --
Peter Giles to J&#xE9;r&#xF4;me de Busleyden --
J&#xE9;r&#xF4;me de Busleyden to Thomas More --
Guillaume Bud&#xE9; to Thomas Lupset --
Erasmus of Rotterdam to Johann Froben --
Thomas More to Peter Giles --
from Erasmus to Ulrich von Hutten --
Criticism --
Overview: the critical traditions --
[A satire on crying abuses] / Frederic Seebohm --
from The roots of more's socialism / Karl Kautsky --
The meaning of Utopia / R.W. Chambers --
from Utopia and the problems of 1516 --
[More the social critic] / Russell Ames --
The roots of Utopia and all evil / J.H. Hexter --
[A jolly invention] / C.S. Lewis --
from Humanism and communism: the background / Edward L. Surtz --
from Varieties of literary Utopias / Northrop Frye --
from Denying the contrary: more's use of Litotes in the Utopia / Elizabeth McCutcheon --
[An intricate, intimate compromise] / Alistair Fox --
from Words and deeds / Dominic Baker-Smith --
from Greek nonsense in More's Utopia / Eric Nelson --
Utopia's modern progeny --
from Brave new world / Aldous Huxley --
from The left hand of darkness / Ursula K. Le Guin.</subfield>
  </datafield>
  <datafield tag="520" ind1=" " ind2=" ">
    <subfield code="a">Inspiring, provocative, prophetic, and enigmatic, Utopia is the literary masterpiece of a visionary statesman and one of the most influential books of the modern world. Based on Thomas More's penetrating analysis of the folly and tragedy of the politics of his time and all times, the book is a seedbed of alternative political institutions and a perennially challenging exploration of the possibilities and limitations
</subfield>
  </datafield>
  <datafield tag="650" ind1=" " ind2="7">
    <subfield code="a">Utopias</subfield>
    <subfield code="v">Early works to 1800.</subfield>
    <subfield code="2">BUEsh</subfield>
    <subfield code="9">33499</subfield>
  </datafield>
  <datafield tag="651" ind1=" " ind2=" ">
    <subfield code="2">BUEsh</subfield>
  </datafield>
  <datafield tag="653" ind1=" " ind2=" ">
    <subfield code="b">HHUUEENN</subfield>
    <subfield code="c">March2019</subfield>
  </datafield>
  <datafield tag="655" ind1=" " ind2=" ">
    <subfield code="v">Reading book</subfield>
  </datafield>
  <datafield tag="700" ind1="1" ind2=" ">
    <subfield code="a">Logan, George M.,</subfield>
    <subfield code="d">1941-</subfield>
    <subfield code="e">translator,</subfield>
    <subfield code="e">editor.</subfield>
  </datafield>
  <datafield tag="700" ind1="1" ind2=" ">
    <subfield code="a">Adams, Robert M.,</subfield>
    <subfield code="e">translator,</subfield>
    <subfield code="e">editor.</subfield>
  </datafield>
  <datafield tag="942" ind1=" " ind2=" ">
    <subfield code="2">ddc</subfield>
  </datafield>
  <datafield tag="952" ind1=" " ind2=" ">
    <subfield code="0">0</subfield>
    <subfield code="1">0</subfield>
    <subfield code="2">ddc</subfield>
    <subfield code="4">0</subfield>
    <subfield code="7">0</subfield>
    <subfield code="8">Baccah</subfield>
    <subfield code="a">MAIN</subfield>
    <subfield code="b">MAIN</subfield>
    <subfield code="c">1ST</subfield>
    <subfield code="d">2019-03-25</subfield>
    <subfield code="e">Purchase</subfield>
    <subfield code="g">350.00</subfield>
    <subfield code="l">0</subfield>
    <subfield code="o">335.02 MOR</subfield>
    <subfield code="p">000044477</subfield>
    <subfield code="r">2025-07-15 00:00:00</subfield>
    <subfield code="v">437.50</subfield>
    <subfield code="y">BB</subfield>
  </datafield>
</record>
